All Potion Effects in Minecraft (Java Edition) - Statistics

General Stats
  • This quiz has been taken 219 times
  • The average score is 9 of 17
Answer Stats
Answer % Correct
Poison
80%
Speed
78%
Regeneration
75%
Strength
71%
Slowness
69%
Fire Resistance
63%
Jump Boost
63%
Weakness
61%
Night Vision
54%
Resistance
50%
Water Breathing
47%
Invisibility
46%
Haste
41%
Blindness
35%
Nausea
29%
Hunger
26%
Mining Fatigue
22%
No matching quizzes found
Score Distribution
Percent of People with Each Score
Percentile by Number Answered
Your Score History
You have not taken this quiz